| 000 | 01491nam a2200421 c 4500 | ||
|---|---|---|---|
| 999 |
_c167115 _d167115 |
||
| 003 | BLK | ||
| 005 | 20250122134852.0 | ||
| 008 | 180411b bul|||||r ||||||| ||bul|| | ||
| 010 | _aKNG00174896000 | ||
| 040 | _aBLK | ||
| 041 |
_aBUL _cBUL |
||
| 072 | 7 |
_2bullib _aК _xКраезнание |
|
| 080 |
_aНачално и основно образование _b373.3 _z373.3 |
||
| 100 | 1 |
_aРусев, Руси _eпърви автор _9371764 |
|
| 139 |
_aРусев, Руси _bР 94 |
||
| 245 | 1 | 0 |
_aРъководство по предметно учение за I отделение _b90 подробно разработени практически лекции _cРуси Русев. |
| 257 | _aBGR | ||
| 260 | _c1927 | ||
| 300 |
_a136 с. _c22 см |
||
| 380 | _a3 | ||
| 650 | 4 |
_aОсновно образование - България _9272381 |
|
| 650 | 4 |
_aМетодика на преподаването - в началното училище _9261899 |
|
| 651 | 4 |
_aБългария _9241624 |
|
| 651 | 4 |
_aРусе _9179462 |
|
| 653 | _aначално образование | ||
| 653 | _aметодики | ||
| 653 | _aучебни помагала | ||
| 659 | _aК | ||
| 852 | _aЦб 62940 | ||
| 852 | _aК 373.5/Р 94 Р | ||
| 856 | 4 | _qpdf | |
| 856 | 4 | _qpdf | |
| 942 |
_cKNG _n0 _s1 _01 |
||
| 944 |
_aCR _c05.05.2015 _k30558 _lВаля Йорданова |
||
| 944 |
_aED _c07.05.2015 _kВаля_Йорданова |
||
| 999 | _d167115 | ||
| 999 | _d167115 | ||